| 000 | 00778nas a2200241 4500 | ||
|---|---|---|---|
| 001 | BR7700680 | ||
| 003 | BR-BrBNA | ||
| 005 | 20231205083050.0 | ||
| 007 | ta | ||
| 008 | 230509b bl.|||p| |||| 00| 00por d | ||
| 040 |
_aBR-BrBNA _bpor _cBiblioteca Nacional de Agricultura |
||
| 041 | _a(Pt) | ||
| 072 | _aL40 | ||
| 100 | 1 | _aNomura, H. | |
| 100 | 1 | _aChacon, J. de O. | |
| 245 | 1 | _aIdade e crescimento da pescada-do-Piaui, Plagioscion squamosissimus (Heckel)(Osteichthyes, Scienidae), do Acude Amanari (Maranguape, Ceara)[Brasil] | |
| 650 | _aANATOMIA ANIMAL | ||
| 650 | _aPESCADA | ||
| 650 | _aCEARA | ||
| 773 | 0 |
_tRevista Ceres (Brazil) _xISSN 0034-737X _g(May 1976), v. 23(127) p. 191-197 _wBR7700680 |
|
| 909 |
_a202311 _bLúcia _c55 _dLúcia Elande |
||
| 942 |
_2AGRIS _n0 _cANA |
||
| 999 |
_c96149 _d96149 |
||